000 00536nam a2200193Ia 4500
003 OSt
005 20260602100131.0
008 210210b1997 xxu||||| |||| 00| 0 eng d
040 _cAL
041 _aKannada
082 _a915.48704K UPPS
100 _aUPPANGALA RAMABHATTA
_dಉಪ್ಪಂಗಳ ರಾಮಭಟ್ಟ
_9264956
245 _aSanchara samputa
_bಸಂಚಾರ ಸಂಪುಟ
260 _aUdupi
_bAkalanka Prakashana
_c1997
300 _a152
690 _aGeography
_9264957
906 _a053299
942 _2ddc
_cBK
999 _c101401
_d101401